| 000 | 00432pab a2200145 454500 | ||
|---|---|---|---|
| 008 | 180718b2001 xxu||||| |||| 00| 0 eng d | ||
| 100 | _aBrillantes, Alex B. | ||
| 245 | _aDeveloping indicators of local governance in the Philippines: towards an "ISO" for LGUs | ||
| 260 | _c2001 | ||
| 300 | _ap.18-34. | ||
| 362 | _aJan-Apr | ||
| 650 | _aLocal government | ||
| 773 | _aPhilippine Journal of Public Administration | ||
| 909 | _a64633 | ||
| 999 |
_c64633 _d64633 |
||